000 00907nam a22001337a 4500
999 _c532738
_d532738
008 260305b ||||| |||| 00| 0 eng d
100 _aLevitsky, Steven Way, Lucan A. and Ziblatt, Daniel
_959692
245 _aThe price of American authoritarianism: What can reverse democratic decline?
260 _aForeign Affairs
300 _a105(1), Jan-Feb, 2026: p.30-45
520 _aWhen Donald Trump won reelection in November 2024, much of the American establishment responded with a shrug. After all, Trump had been democratically elected, even winning the popular vote. And democracy had survived the chaos of his first term, including the shocking events at the Capitol on January 6, 2021. Surely, then, it would survive a second Trump presidency.- Reproduced https://www.foreignaffairs.com/united-states/american-authoritarianism-levitsky-way-ziblatt
773 _aForeign Affairs
942 _cAR